La Real Fábrica de Cristales de la Granja (Record no. 2861)

MARC details
000 -CABECERA
campo de control de longitud fija 00927nam a2200217 a 4500
001 - NÚMERO DE CONTROL
campo de control BRCA_3125
005 - FECHA Y HORA DE LA ÚLTIMA TRANSACCIÓN
campo de control 20190320204125.0
008 - DATOS DE LONGITUD FIJA--INFORMACIÓN GENERAL
campo de control de longitud fija 290109s1998----sp-a---###---#000-0#spa-#
020 ## - NÚMERO INTERNACIONAL ESTÁNDAR DEL LIBRO
Número Internacional Estándar del Libro 8489345198
050 #4 - SIGNATURA TOPOGRÁFICA DE LA BIBLIOTECA DEL CONGRESO
Número de clasificación NK5205.R4
Número de documento/Ítem .P37 1998
100 1# - ENTRADA PRINCIPAL--NOMBRE DE PERSONA
Nombre de persona Pastor Rey de Viñas, Paloma
9 (RLIN) 2881
245 10 - MENCIÓN DE TÍTULO
Título La Real Fábrica de Cristales de la Granja
Resto del título historia, repertorios decorativos y tipologías formales
Mención de responsabilidad, etc. Paloma Pastor Rey de Viñas.
260 ## - PUBLICACIÓN, DISTRIBUCIÓN, ETC.
Lugar de publicación, distribución, etc. [España]
Nombre del editor, distribuidor, etc. Paloma Pastor Rey de Viñas
Fecha de publicación, distribución, etc. 1998
300 ## - DESCRIPCIÓN FÍSICA
Extensión 218 p.
Otras características físicas il. (algunas a color)
Dimensiones 31 cm.
500 ## - NOTA GENERAL
Nota general Incluye apéndice de dibujos, glosario, índice onomástico y catálogo
504 ## - NOTA DE BIBLIOGRAFÍA, ETC.
Nota de bibliografía, etc. Bibliografía: p. 185-189
610 24 - PUNTO DE ACCESO ADICIONAL DE MATERIA--NOMBRE DE ENTIDAD CORPORATIVA
Nombre de entidad corporativa o nombre de jurisdicción como elemento de entrada Real Fábrica de Cristales de San Ildefonso
Subdivisión general Historia
9 (RLIN) 2882
650 14 - PUNTO DE ACCESO ADICIONAL DE MATERIA--TÉRMINO DE MATERIA
Término de materia o nombre geográfico como elemento de entrada Vidrio cristalino
Subdivisión general Historia
Subdivisión cronológica Siglos XVIII y XIX
Subdivisión geográfica España
9 (RLIN) 2883
650 14 - PUNTO DE ACCESO ADICIONAL DE MATERIA--TÉRMINO DE MATERIA
Término de materia o nombre geográfico como elemento de entrada Fabricación del vidrio
Subdivisión general Historia
Subdivisión cronológica Siglos XVIII y XIX
Subdivisión geográfica España
9 (RLIN) 2884
942 ## - ELEMENTOS DE PUNTO DE ACCESO ADICIONAL (KOHA)
Fuente del sistema de clasificación o colocación Library of Congress Classification
Tipo de ítem Koha Libros
Holdings
Estado de retiro Estado de pérdida Estado dañado No para préstamo Localización permanente Ubicación/localización actual Fecha de adquisición Total de préstamos Signatura topográfica completa Código de barras Fecha visto por última vez Precio válido a partir de Tipo de ítem Koha
El ejemplar forma parte de la colección y puede ser consultado según las políticas vigentes.       Biblioteca del Museo Franz Mayer (Rogerio Casas-Alatriste) Biblioteca del Museo Franz Mayer (Rogerio Casas-Alatriste) 29/01/2009   NK5205.R4 .P37 1998 01415 22/03/2019 22/03/2019 Libros